Právne dokumenty na vnútornom regulovanom trhu výrobkov

Na minha lista:
Detalhes bibliográficos
Autor principal: Kristová, Ľudmila
Autor Corporativo: Ekonomická univerzita v Bratislave. Obchodná fakulta
Outros Autores: Košútová, Tatiana, 1962-
Formato: Livro
Idioma:eslovaco
Publicado em: Bratislava [2013]
Assuntos:
Tags: Adicionar Tag
Sem tags, seja o primeiro a adicionar uma tag!

MARC

LEADER 00000nam a2200000 4500
001 0198982
005 20240502073348.8
041 0 |a slo 
044 |a SK 
245 1 0 |a Právne dokumenty na vnútornom regulovanom trhu výrobkov  |c Ľudmila Kristová, Tatiana Košútová 
264 1 |a Bratislava  |c [2013] 
300 |a [20 s.] 
610 2 0 |a trh výrobkov 
610 2 0 |a predpisy právne 
610 2 0 |a legislatíva 
100 1 |a Kristová, Ľudmila 
700 1 |a Košútová, Tatiana, 1962- 
710 2 |a Ekonomická univerzita v Bratislave. Obchodná fakulta